The New Jersey churchscape : (Record no. 27845)

000 -LEADER
fixed length control field 01261cam a22002894a 4500
001 - CONTROL NUMBER
control field 12364704
005 - DATE AND TIME OF LATEST TRANSACTION
control field 20170211090918.0
008 - FIXED-LENGTH DATA ELEMENTS--GENERAL INFORMATION
fixed length control field 010330s2001 njua b 001 0 eng
010 ## - LIBRARY OF CONGRESS CONTROL NUMBER
LC control number 2001019804
020 ## - INTERNATIONAL STANDARD BOOK NUMBER
International Standard Book Number 0813529905 (alk. paper)
050 00 - LIBRARY OF CONGRESS CALL NUMBER
Classification number NA5230.N5G74 2001
100 1# - MAIN ENTRY--PERSONAL NAME
Personal name Greenagel, Frank L.,
Dates associated with a name 1939-
245 14 - TITLE STATEMENT
Title The New Jersey churchscape :
Remainder of title encountering eighteenth and nineteenth century churches /
Statement of responsibility, etc. Frank L. Greenagel.
260 ## - PUBLICATION, DISTRIBUTION, ETC. (IMPRINT)
Place of publication, distribution, etc. New Brunswick, N.J. :
Name of publisher, distributor, etc. Rutgers University Press,
Date of publication, distribution, etc. c2001.
300 ## - PHYSICAL DESCRIPTION
Extent xiv, 248 p. :
Other physical details ill. ;
Dimensions 26 cm.
504 ## - BIBLIOGRAPHY, ETC. NOTE
Bibliography, etc Includes bibliographical references (p. 235-240) and index.
650 #0 - SUBJECT ADDED ENTRY--TOPICAL TERM
Topical term or geographic name as entry element Church buildings
Geographic subdivision New Jersey.
650 #0 - SUBJECT ADDED ENTRY--TOPICAL TERM
Topical term or geographic name as entry element Church architecture
Geographic subdivision New Jersey
Chronological subdivision 18th century.
650 #0 - SUBJECT ADDED ENTRY--TOPICAL TERM
Topical term or geographic name as entry element Church architecture
Geographic subdivision New Jersey
Chronological subdivision 19th century.
942 ## - ADDED ENTRY ELEMENTS (KOHA)
Source of classification or shelving scheme
Koha item type Hard Covered Materials
Holdings
Withdrawn status Lost status Source of classification or shelving scheme Damaged status Not for loan Home library Current library Shelving location Date acquired Source of acquisition Total Checkouts Full call number Barcode Date last seen Price effective from Koha item type
          MACHAKOS UNIVERSITY LIBRARY MACHAKOS UNIVERSITY LIBRARY Technical section 11/02/2017 Donation(BFA)   NA5230.N5G74 2001 35712 31/05/2018 11/02/2017 Hard Covered Materials
© Machakos University Library, Along The Highway, Machakos Wote Rd, Machakos, Kenya P.O. Box 136 - 90100 Machakos - Kenya

Tel: ( +254 ) 723 805829 OR Fax : 044-20353 OR Email: library@mksu.ac.ke